000 00701nam a22002417a 4500
003 UA-OsUOA
001 56341
007 ta
008 20081016b un ||||| |||| 00| 0 ukr d
100 _aСпівак Гаятрі Чакраворті
090 _a82.09:396
_bС72
942 _cBK
040 _aUA-OsUOA
_bukr
_cUA-OsUOA
_dUA-OsUOA
245 _aВ інших світах
_bЕсеї з питань культурної політики
300 _a480 с.
955 _a2
041 _aukr
080 _a82.09:396
020 _a966-8439-01-5
260 _aК.
_bВсесвіт
_c2006
650 7 _a82 Література. Літературознавство
_2UDC
999 _c342433
_d342433